Professional and ordinary negligence (Record no. 67582)
[ view plain ]
| 000 -LEADER | |
|---|---|
| fixed length control field | 00989cam a2200229 4500 |
| 001 - CONTROL NUMBER | |
| control field | X11065 |
| 008 - FIXED-LENGTH DATA ELEMENTS--GENERAL INFORMATION | |
| fixed length control field | 000000n2001 000 0 eng u |
| 035 ## - SYSTEM CONTROL NUMBER | |
| System control number | (Sirsi) u113428 |
| 100 ## - MAIN ENTRY--PERSONAL NAME | |
| Personal name | Brewer, G. |
| 245 ## - TITLE STATEMENT | |
| Title | Professional and ordinary negligence |
| 260 ## - PUBLICATION, DISTRIBUTION, ETC. | |
| Date of publication, distribution, etc. | 2001 |
| 490 ## - SERIES STATEMENT | |
| Series statement | Contract Journal |
| Volume/sequential designation | 409(6331) 13 June 2001, 26(1) |
| 520 ## - SUMMARY, ETC. | |
| Summary, etc. | Studies the decision in "JD Williams & Co v Michael Hyde and Associates", CA 6 July 2000 and the issue of the tests to be applied to establish professional negligence. The implication is that negligence may readily be found, even in circumstances where a substantial body of opinion within the profession might support the course of action taken. |
| 650 ## - SUBJECT ADDED ENTRY--TOPICAL TERM | |
| Topical term or geographic name entry element | PROFESSIONAL NEGLIGENCE |
| 650 ## - SUBJECT ADDED ENTRY--TOPICAL TERM | |
| Topical term or geographic name entry element | ARCHITECTS |
| 650 ## - SUBJECT ADDED ENTRY--TOPICAL TERM | |
| Topical term or geographic name entry element | EXPERT EVIDENCE |
| 650 ## - SUBJECT ADDED ENTRY--TOPICAL TERM | |
| Topical term or geographic name entry element | J D WILLIAMS & CO V MICHAEL HYDE AND ASSOCIATES |
| 650 ## - SUBJECT ADDED ENTRY--TOPICAL TERM | |
| Topical term or geographic name entry element | BOLAM V FRIERN HOSPITAL |
| 650 ## - SUBJECT ADDED ENTRY--TOPICAL TERM | |
| Topical term or geographic name entry element | BOLAM PRINCIPLE |
| 690 ## - LOCAL SUBJECT ADDED ENTRY--TOPICAL TERM (OCLC, RLIN) | |
| Topical term or geographic name as entry element | PROFESSIONAL PRACTICE-NEGLIGENCE |
| 942 ## - ADDED ENTRY ELEMENTS (KOHA) | |
| Suppress in OPAC | 0 |
| Withdrawn status | Lost status | Source of classification or shelving scheme | Damaged status | Not for loan | Home library | Current library | Shelving location | Date acquired | Total Checkouts | Full call number | Barcode | Date last seen | Copy number | Price effective from | Koha item type |
|---|---|---|---|---|---|---|---|---|---|---|---|---|---|---|---|
| Dewey Decimal Classification | London | London | Journal article | 04/07/2001 | X11065 | 113428-1001 | 06/08/2019 | 1 | 06/08/2019 | Journal article |